000 00793nam a2200229Ia 4500
003 OSt
005 20220918105426.0
006 a|||||r|||| 00| 0
007 ta
008 220915b |||||||| |||| 00| 0 hin d
024 _a93,252
037 _cReference Collections
040 _aARTS
_cARTS
_bhin
041 _2hin
_ahin
082 _aP25265D,3:28k, 152M3(RR)
100 _aरूवाली, केशवदत्त, ले.
_91324
245 0 _aकुमॉंउनी - हिन्दी व्युत्पत्ति कोश
246 _aKumaॉanunī - hindī vyutpatti kosha
260 _c1983
942 _hP25265D,3:28k, 152M3(RR)
_cREF
999 _c107058
_d107058